[Event "GBR-ch110 Major Open"]
[Site "Hull"]
[Date "2024.08.03"]
[Round "8.20"]
[White "Lee, Alexandre Km"]
[Black "Dishman, Matthew"]
[Result "1/2-1/2"]
[WhiteElo "1858"]
[BlackElo "1936"]
[PlyCount "73"]
[EventDate "2024.07.27"]
[EventType "swiss"]
[EventRounds "9"]
[EventCountry "GBR"]
[SourceTitle "BritBase"]
[Source "John Saunders"]
[SourceDate "2025.02.20"]
[SourceVersion "1"]
[SourceVersionDate "2025.02.20"]
[SourceQuality "1"]

1. e4 c5 2. Nf3 e6 3. d4 cxd4 4. Nxd4 a6 5. c4 Nf6 6. Nc3 Qc7 7. a3 b6 8. Be3 Bb7 9. f3 Be7 10. Be2 O-O 11. O-O d6 12. Rc1 Nbd7 13. b4 Rfc8 14. Nb3 Qd8 15. Qd2 Rab8 16. Rfd1 Ne5 17. Na4 Nfd7 18. Kh1 Bc6 19. Nb2 Ba8 20. Rc2 h6 21. Rdc1 Qf8 22. Qe1 Ng6 23. Qg1 Bg5 24. Rd2 Bd8 25. Qd1 Be7 26. Bf1 h5 27. Nd3 Nge5 28. Nf2 h4 29. Nd4 Ng6 30. Nh3 Rc7 31. Rdc2 Rbc8 32. Qd2 Qd8 33. Nf2 Rb8 34. Nh3 Nge5 35. Nf2 Ng6 36. Nh3 Nge5 37. Nf2 1/2-1/2

[Event "GBR-ch110 Major Open"]
[Site "Hull"]
[Date "2024.08.03"]
[Round "8.21"]
[White "Wills, Thomas"]
[Black "Rastogi, Nayan Keats"]
[Result "1-0"]
[WhiteElo "1927"]
[BlackElo "1859"]
[PlyCount "71"]
[EventDate "2024.07.27"]
[EventType "swiss"]
[EventRounds "9"]
[EventCountry "GBR"]
[SourceTitle "BritBase"]
[Source "John Saunders"]
[SourceDate "2025.02.20"]
[SourceVersion "1"]
[SourceVersionDate "2025.02.20"]
[SourceQuality "1"]

1. Nf3 Nf6 2. g3 d5 3. Bg2 Bf5 4. O-O e6 5. c4 c6 6. Qb3 Qb6 7. d3 Nbd7 8. cxd5 exd5 9. Qc2 Be7 10. Nc3 h6 11. e4 dxe4 12. dxe4 Bh7 13. Qe2 Nc5 14. Be3 Nfd7 15. Rad1 Rd8 16. Nd4 O-O 17. a3 Qa6 18. Qxa6 Nxa6 19. Nb3 b6 20. Nd4 Ne5 21. Bf4 c5 22. Bxe5 cxd4 23. Bxd4 Bc5 24. Nb5 Bxd4 25. Nxd4 Nc5 26. f3 Na4 27. Nc6 Rxd1 28. Rxd1 Nxb2 29. Rd4 a5 30. Bf1 Bg6 31. Bb5 f6 32. Rd2 Be8 33. Rxb2 Bxc6 34. Bxc6 Rb8 35. Kf2 Kf8 36. a4 1-0

[Event "GBR-ch110 Major Open"]
[Site "Hull"]
[Date "2024.08.03"]
[Round "8.22"]
[White "Izod, Chris"]
[Black "Rich, Aaron"]
[Result "1/2-1/2"]
[WhiteElo "1924"]
[BlackElo "1799"]
[PlyCount "99"]
[EventDate "2024.07.27"]
[EventType "swiss"]
[EventRounds "9"]
[EventCountry "GBR"]
[SourceTitle "BritBase"]
[Source "John Saunders"]
[SourceDate "2025.02.20"]
[SourceVersion "1"]
[SourceVersionDate "2025.02.20"]
[SourceQuality "1"]

1. d4 f5 2. Nf3 Nf6 3. e3 e6 4. Be2 b6 5. O-O Bb7 6. c4 Be7 7. Nc3 O-O 8. b3 a6 9. Bb2 Qe8 10. Ne5 d6 11. Nd3 Ne4 12. Nxe4 fxe4 13. Nf4 Bg5 14. Nh5 Nd7 15. Qc2 Nf6 16. Nxf6+ Bxf6 17. c5 Bd5 18. Rac1 dxc5 19. dxc5 b5 20. c6 Rb8 21. Bxf6 Rxf6 22. a4 Qe7 23. axb5 axb5 24. Qc5 Qxc5 25. Rxc5 Bxb3 26. Rxb5 Rxb5 27. Bxb5 Rf5 28. Ba6 Rc5 29. Bb7 Bd5 30. g4 Bxc6 31. Bxc6 Rxc6 32. Rd1 Rc4 33. Rd7 Kf8 34. Kf1 c5 35. Rc7 Rc2 36. h4 c4 37. g5 Rc1+ 38. Ke2 Rh1 39. g6 hxg6 40. Rxc4 Rxh4 41. Rc7 g5 42. Kf1 Kg8 43. Kg2 Kh7 44. Rc6 Rh6 45. Rc4 Rh4 46. Rc6 Rh6 47. Rc4 Kg6 48. Rxe4 Kf6 49. Ra4 Rh4 50. Ra7 1/2-1/2

[Event "GBR-ch110 Major Open"]
[Site "Hull"]
[Date "2024.08.03"]
[Round "8.23"]
[White "Diniz Afonso, Davi"]
[Black "Pelling, Kyle"]
[Result "0-1"]
[WhiteElo "1840"]
[BlackElo "1911"]
[PlyCount "66"]
[EventDate "2024.07.27"]
[EventType "swiss"]
[EventRounds "9"]
[EventCountry "GBR"]
[SourceTitle "BritBase"]
[Source "John Saunders"]
[SourceDate "2025.02.20"]
[SourceVersion "1"]
[SourceVersionDate "2025.02.20"]
[SourceQuality "1"]

1. e4 g6 2. d4 Bg7 3. Nc3 c5 4. Be3 cxd4 5. Bxd4 Nf6 6. Be2 d6 7. h4 Nc6 8. Be3 h5 9. f3 Qa5 10. Qd2 a6 11. Nh3 Bxh3 12. Rxh3 b5 13. a3 Rc8 14. f4 b4 15. Nd1 Nxe4 16. Qd3 bxa3+ 17. c3 Nc5 18. Bxc5 Qxc5 19. Rxa3 a5 20. Bf3 e6 21. Ne3 d5 22. Rb3 Rb8 23. Rxb8+ Nxb8 24. g3 O-O 25. g4 d4 26. Nc4 hxg4 27. Bxg4 dxc3 28. Rg3 cxb2 29. Nd2 Nc6 30. h5 Rd8 31. Qb1 Qc1+ 32. Ke2 Rxd2+ 33. Kf3 Qxb1 0-1

[Event "GBR-ch110 Major Open"]
[Site "Hull"]
[Date "2024.08.03"]
[Round "8.24"]
[White "Kumar, Arnav"]
[Black "Leung, Hao Ran"]
[Result "0-1"]
[WhiteElo "1803"]
[BlackElo "1910"]
[PlyCount "134"]
[EventDate "2024.07.27"]
[EventType "swiss"]
[EventRounds "9"]
[EventCountry "GBR"]
[SourceTitle "BritBase"]
[Source "John Saunders"]
[SourceDate "2025.02.20"]
[SourceVersion "1"]
[SourceVersionDate "2025.02.20"]
[SourceQuality "1"]

1. e4 c6 2. d4 d5 3. exd5 cxd5 4. Bd3 Nf6 5. c3 Nc6 6. Bf4 Bg4 7. Qb3 Qd7 8. Nd2 e6 9. Ngf3 Bd6 10. Bxd6 Qxd6 11. h3 Bh5 12. O-O O-O 13. Rfe1 Bg6 14. Ne5 Bxd3 15. Nxd3 Rab8 16. a4 Nh5 17. Qa3 Qc7 18. Nf3 Nf4 19. Nfe5 Nxd3 20. Nxd3 Na5 21. Qc5 Qd8 22. Rad1 a6 23. Qa3 Nc4 24. Qa1 b5 25. axb5 Rxb5 26. Qxa6 Rb3 27. Qa2 Qb6 28. Re2 Rb8 29. Nb4 Rxb4 30. cxb4 Qxb4 31. Ree1 h5 32. b3 Qxb3 33. Qxb3 Rxb3 34. Rb1 Rc3 35. Rb7 Rd3 36. Ra1 Rxd4 37. Kf1 Rf4 38. Ra8+ Kh7 39. Raa7 Kg6 40. Ke2 Nd6 41. Rb3 Nf5 42. Ke1 Re4+ 43. Kd2 h4 44. Rbb7 Nd6 45. Rb8 Nc4+ 46. Kd1 Ne5 47. Rb5 Kf5 48. Rb3 g5 49. Rba3 f6 50. Rg7 d4 51. f3 Re3 52. Rxe3 dxe3 53. Ke2 Kf4 54. Re7 Nc6 55. Rd7 e5 56. Rd6 Nd4+ 57. Kd3 f5 58. Ra6 e2 59. Kd2 Kg3 60. Ke1 Kxg2 61. Ra5 Kxf3 62. Ra3+ Kg2 63. Rd3 f4 64. Rc3 f3 65. Rc1 f2+ 66. Kd2 f1=Q 67. Rxf1 exf1=Q 0-1

[Event "GBR-ch110 Major Open"]
[Site "Hull"]
[Date "2024.08.03"]
[Round "8.25"]
[White "Nelson, Jonathan P"]
[Black "McBeath, Joel"]
[Result "1/2-1/2"]
[WhiteElo "2143"]
[BlackElo "1806"]
[PlyCount "37"]
[EventDate "2024.07.27"]
[EventType "swiss"]
[EventRounds "9"]
[EventCountry "GBR"]
[SourceTitle "BritBase"]
[Source "John Saunders"]
[SourceDate "2025.02.20"]
[SourceVersion "1"]
[SourceVersionDate "2025.02.20"]
[SourceQuality "1"]

1. d4 Nf6 2. Nf3 d5 3. e3 e6 4. Bd3 c5 5. c3 Nc6 6. O-O Bd6 7. Nbd2 O-O 8. dxc5 Bxc5 9. e4 e5 10. b4 Bd6 11. exd5 Nxd5 12. Ne4 Bc7 13. Bc4 Nf4 14. Bxf4 exf4 15. Qxd8 Nxd8 16. Nd4 Be5 17. Nf3 Bc7 18. Nd4 Be5 19. Nf3 1/2-1/2

[Event "GBR-ch110 Major Open"]
[Site "Hull"]
[Date "2024.08.03"]
[Round "8.26"]
[White "Stephenson, David W"]
[Black "Britton, Richard"]
[Result "1-0"]
[WhiteElo "1836"]
[BlackElo "2112"]
[PlyCount "99"]
[EventDate "2024.07.27"]
[EventType "swiss"]
[EventRounds "9"]
[EventCountry "GBR"]
[SourceTitle "BritBase"]
[Source "John Saunders"]
[SourceDate "2025.02.20"]
[SourceVersion "1"]
[SourceVersionDate "2025.02.20"]
[SourceQuality "1"]

1. e4 c5 2. a3 g6 3. h4 h5 4. Nc3 Bg7 5. Bc4 e6 6. d3 Ne7 7. Nge2 Nbc6 8. Bg5 a6 9. Qd2 Nd4 10. Nxd4 cxd4 11. Ne2 f6 12. Bf4 d5 13. Bb3 e5 14. Bg3 Bh6 15. f4 dxe4 16. dxe4 Qb6 17. O-O Bg4 18. Kh1 Be6 19. Qd3 Bxb3 20. cxb3 Qd6 21. fxe5 fxe5 22. Rf3 O-O-O 23. Raf1 Rhf8 24. b4 Rxf3 25. Rxf3 Rf8 26. Rxf8+ Bxf8 27. b5 axb5 28. Qxb5 Nc6 29. Nc1 Bg7 30. Nd3 Bf6 31. Nc5 Qe7 32. Kg1 g5 33. hxg5 Bxg5 34. Nd3 Bf6 35. Qd5 h4 36. Be1 Bg5 37. b4 Be3+ 38. Kh2 Bf4+ 39. Kg1 Be3+ 40. Kh2 Bf4+ 41. Kh1 Qf6 42. Nc5 Qe7 43. b5 Nd8 44. Ba5 Nf7 45. Bb4 Bg3 46. Ne6 Qf6 47. Qc5+ Kd7 48. Nf8+ Ke8 49. Qc8+ Nd8 50. Qd7# 1-0

[Event "GBR-ch110 Major Open"]
[Site "Hull"]
[Date "2024.08.03"]
[Round "8.27"]
[White "Kirupakaran, Vishnu"]
[Black "Davis, Cameron"]
[Result "0-1"]
[WhiteElo "1852"]
[BlackElo "1946"]
[PlyCount "46"]
[EventDate "2024.07.27"]
[EventType "swiss"]
[EventRounds "9"]
[EventCountry "GBR"]
[SourceTitle "BritBase"]
[Source "John Saunders"]
[SourceDate "2025.02.20"]
[SourceVersion "1"]
[SourceVersionDate "2025.02.20"]
[SourceQuality "1"]

1. e4 d5 2. exd5 Qxd5 3. Nc3 Qe5+ 4. Be2 Bg4 5. d4 Bxe2 6. Ngxe2 Qa5 7. Bf4 Nf6 8. Qd3 Nc6 9. O-O-O O-O-O 10. Qc4 e6 11. Kb1 Kb8 12. f3 Be7 13. Ne4 h6 14. c3 Qf5 15. Qd3 e5 16. Be3 exd4 17. Nxd4 Nxd4 18. Bxd4 Nxe4 19. fxe4 Qg6 20. Qe3 Bg5 21. Qf3 Rhe8 22. Rhe1 Re6 23. Re2 c5 0-1

[Event "GBR-ch110 Major Open"]
[Site "Hull"]
[Date "2024.08.03"]
[Round "8.28"]
[White "Carmichael, Ned"]
[Black "Sheikh, Anum"]
[Result "1/2-1/2"]
[WhiteElo "1924"]
[BlackElo "1862"]
[PlyCount "80"]
[EventDate "2024.07.27"]
[EventType "swiss"]
[EventRounds "9"]
[EventCountry "GBR"]
[SourceTitle "BritBase"]
[Source "John Saunders"]
[SourceDate "2025.02.20"]
[SourceVersion "1"]
[SourceVersionDate "2025.02.20"]
[SourceQuality "1"]

1. Nf3 d5 2. e3 Nf6 3. c4 c6 4. Nc3 dxc4 5. Bxc4 e6 6. d4 Nbd7 7. O-O Be7 8. e4 O-O 9. Re1 b5 10. Bd3 Bb7 11. Bg5 Nb6 12. e5 Nfd5 13. Bxe7 Qxe7 14. Ne4 Na4 15. Qb1 h6 16. Nfd2 Nb4 17. Be2 Rad8 18. b3 Nb6 19. a3 N4d5 20. Bf3 a5 21. Nd6 Ba8 22. N2e4 Nc8 23. Nxc8 Rxc8 24. Nd6 Rc7 25. Bxd5 exd5 26. b4 Ra7 27. Re3 Kh8 28. Nf5 Qe6 29. Rf3 g6 30. Nxh6 Kg7 31. Qc1 Rh8 32. Rh3 axb4 33. Qg5 Rxa3 34. Raxa3 bxa3 35. Rxa3 Rxh6 36. Rxa8 Rh8 37. Rxh8 Kxh8 38. Qd8+ Kg7 39. Qb6 Qg4 40. g3 Qe6 1/2-1/2

[Event "GBR-ch110 Major Open"]
[Site "Hull"]
[Date "2024.08.03"]
[Round "8.29"]
[White "Rubeck, Jonathan"]
[Black "Bedi, Adam"]
[Result "1-0"]
[WhiteElo "1833"]
[BlackElo "1903"]
[PlyCount "63"]
[EventDate "2024.07.27"]
[EventType "swiss"]
[EventRounds "9"]
[EventCountry "GBR"]
[SourceTitle "BritBase"]
[Source "John Saunders"]
[SourceDate "2025.02.20"]
[SourceVersion "1"]
[SourceVersionDate "2025.02.20"]
[SourceQuality "1"]

1. e4 c6 2. d4 d5 3. e5 Bf5 4. h4 a6 5. c4 e6 6. Nc3 h6 7. Nf3 Ne7 8. b3 Nd7 9. Be2 c5 10. cxd5 Nxd5 11. Nxd5 exd5 12. O-O Be7 13. dxc5 Nxc5 14. Nd4 Bd7 15. h5 O-O 16. Be3 Ne4 17. Rc1 Bb4 18. Bd3 Qa5 19. Bb1 Nc3 20. Rxc3 Bxc3 21. Qd3 Rfc8 22. Qh7+ Kf8 23. Qh8+ Ke7 24. Qxg7 Rg8 25. Qf6+ Ke8 26. Bh7 Rf8 27. Bf5 Bxd4 28. Bxd7+ Kxd7 29. Qd6+ Ke8 30. Bxd4 Qd2 31. Bc5 Qg5 32. Qxf8+ 1-0

[Event "GBR-ch110 Major Open"]
[Site "Hull"]
[Date "2024.08.03"]
[Round "8.30"]
[White "Howorth, Jack"]
[Black "Brencher, Paul"]
[Result "0-1"]
[WhiteElo "1830"]
[BlackElo "1899"]
[PlyCount "52"]
[EventDate "2024.07.27"]
[EventType "swiss"]
[EventRounds "9"]
[EventCountry "GBR"]
[SourceTitle "BritBase"]
[Source "John Saunders"]
[SourceDate "2025.02.20"]
[SourceVersion "1"]
[SourceVersionDate "2025.02.20"]
[SourceQuality "1"]

1. e4 e6 2. d4 d5 3. Nc3 Bb4 4. exd5 exd5 5. Bd3 Nc6 6. Nge2 Nge7 7. O-O O-O 8. a3 Bxc3 9. bxc3 Bf5 10. Ng3 Bxd3 11. Qxd3 Na5 12. Rb1 b6 13. h4 Nc4 14. h5 h6 15. Re1 Qd7 16. Re2 Rae8 17. Bf4 Kh8 18. Rbe1 Ng8 19. Nf5 Nf6 20. Re7 Qd8 21. Qh3 Rxe7 22. Rxe7 Re8 23. Rxf7 Re1+ 24. Kh2 Ne4 25. Ng3 Nxf2 26. Qf5 Qh4+ 0-1

[Event "GBR-ch110 Major Open"]
[Site "Hull"]
[Date "2024.08.03"]
[Round "8.31"]
[White "Welling, Zac"]
[Black "Li, Xiaofan"]
[Result "1-0"]
[WhiteElo "1887"]
[BlackElo "1798"]
[PlyCount "95"]
[EventDate "2024.07.27"]
[EventType "swiss"]
[EventRounds "9"]
[EventCountry "GBR"]
[SourceTitle "BritBase"]
[Source "John Saunders"]
[SourceDate "2025.02.20"]
[SourceVersion "1"]
[SourceVersionDate "2025.02.20"]
[SourceQuality "1"]

1. e4 c6 2. d4 d5 3. Nd2 dxe4 4. Nxe4 Nf6 5. Nxf6+ exf6 6. c3 Bf5 7. Nf3 Bd6 8. Be2 O-O 9. O-O Qc7 10. h3 Nd7 11. Be3 Rfe8 12. Nh4 Be4 13. Bd3 g6 14. Bxe4 Rxe4 15. Nf3 Rae8 16. Qb3 c5 17. dxc5 Nxc5 18. Qc2 Bf4 19. Bxf4 Qxf4 20. Rfe1 Qxf3 21. gxf3 Rxe1+ 22. Rxe1 Rxe1+ 23. Kg2 Ne6 24. Qd2 Re2 25. Qxe2 Nf4+ 26. Kf1 Nxe2 27. Kxe2 Kf8 28. f4 Ke7 29. Ke3 Ke6 30. Ke4 g5 31. f5+ Kd6 32. Kd4 h5 33. c4 h4 34. f3 a5 35. b3 b6 36. a3 Kc6 37. b4 axb4 38. axb4 Kd6 39. c5+ bxc5+ 40. bxc5+ Kc6 41. Kc4 Kc7 42. Kd5 Kd7 43. c6+ Kc7 44. Kc5 Kc8 45. Kd6 Kd8 46. c7+ Kc8 47. Ke7 Kxc7 48. Kxf7 1-0

[Event "GBR-ch110 Major Open"]
[Site "Hull"]
[Date "2024.08.03"]
[Round "8.32"]
[White "Vaddhireddy, Sai"]
[Black "Lewis, Christopher D"]
[Result "1/2-1/2"]
[WhiteElo "1724"]
[BlackElo "1885"]
[PlyCount "51"]
[EventDate "2024.07.27"]
[EventType "swiss"]
[EventRounds "9"]
[EventCountry "GBR"]
[SourceTitle "BritBase"]
[Source "John Saunders"]
[SourceDate "2025.02.20"]
[SourceVersion "1"]
[SourceVersionDate "2025.02.20"]
[SourceQuality "1"]

1. d4 d5 2. c4 c6 3. Nf3 Nf6 4. g3 e6 5. Bg2 Be7 6. O-O O-O 7. Nc3 b6 8. Ne5 Bb7 9. e4 dxc4 10. Nxc4 Bb4 11. e5 Nd5 12. Ne4 Ba6 13. Qc2 f5 14. Ng5 Qe8 15. a3 h6 16. axb4 hxg5 17. Bxg5 Nxb4 18. Qb3 Nd5 19. Nd6 Qh5 20. Bxd5 cxd5 21. Be7 Bxf1 22. Rxf1 Nc6 23. Bxf8 Rxf8 24. Qc3 f4 25. Qxc6 Qh3 26. f3 1/2-1/2

[Event "GBR-ch110 Major Open"]
[Site "Hull"]
[Date "2024.08.03"]
[Round "8.34"]
[White "Chris Biju, Calvin"]
[Black "Waterfield, Mark B"]
[Result "1-0"]
[WhiteElo "2008"]
[BlackElo "1815"]
[PlyCount "81"]
[EventDate "2024.07.27"]
[EventType "swiss"]
[EventRounds "9"]
[EventCountry "GBR"]
[SourceTitle "BritBase"]
[Source "John Saunders"]
[SourceDate "2025.02.20"]
[SourceVersion "1"]
[SourceVersionDate "2025.02.20"]
[SourceQuality "1"]

1. d4 d5 2. Nf3 Nf6 3. g3 c5 4. e3 Nc6 5. Bg2 Bg4 6. O-O Qd7 7. Re1 Bh3 8. Bh1 e6 9. Nbd2 Bd6 10. c4 O-O 11. b3 Rfd8 12. Bb2 Rac8 13. e4 dxe4 14. Nxe4 Nxe4 15. Rxe4 Bf5 16. Re1 Nb4 17. Nh4 Nd3 18. Nxf5 Nxb2 19. Qc2 Nxc4 20. Nxd6 Nxd6 21. dxc5 Qb5 22. Rac1 Nf5 23. Qe4 Rxc5 24. Qxb7 Rxc1 25. Rxc1 Qa5 26. Qc7 Rd1+ 27. Kg2 Qxc7 28. Rxc7 g5 29. Rxa7 g4 30. b4 Rd2 31. Ra3 Rb2 32. Rb3 Rxa2 33. h3 h5 34. b5 Nd4 35. b6 Ra8 36. b7 Rb8 37. Rb4 Nc6 38. Rc4 gxh3+ 39. Kxh3 Ne7 40. Ra4 Kg7 41. Ra8 1-0

[Event "GBR-ch110 Major Open"]
[Site "Hull"]
[Date "2024.08.03"]
[Round "8.35"]
[White "Zhu, Pengxiao"]
[Black "Twisk, Sebastian"]
[Result "1/2-1/2"]
[WhiteElo "1969"]
[BlackElo "1802"]
[PlyCount "67"]
[EventDate "2024.07.27"]
[EventType "swiss"]
[EventRounds "9"]
[EventCountry "GBR"]
[SourceTitle "BritBase"]
[Source "John Saunders"]
[SourceDate "2025.02.20"]
[SourceVersion "1"]
[SourceVersionDate "2025.02.20"]
[SourceQuality "1"]

1. d4 d5 2. c4 c6 3. cxd5 cxd5 4. Bf4 Nc6 5. Nc3 Nf6 6. e3 Bf5 7. Qb3 Na5 8. Qa4+ Bd7 9. Qc2 e6 10. Bd3 Rc8 11. Nf3 Bb4 12. O-O h6 13. Rac1 O-O 14. Qe2 a6 15. a3 Bxc3 16. bxc3 Nc4 17. Bxc4 Rxc4 18. Qb2 Bb5 19. Ra1 Qa5 20. Bd6 Rfc8 21. Bb4 Qc7 22. Rfc1 a5 23. Bc5 b6 24. Qxb5 bxc5 25. Ne5 Rb8 26. Qc6 cxd4 27. Qxc7 Rxc7 28. cxd4 Rbc8 29. Rxc7 Rxc7 30. Kf1 Ne4 31. f3 Nd6 32. Ra2 Nc4 33. Nxc4 Rxc4 34. Ke2 1/2-1/2

[Event "GBR-ch110 Major Open"]
[Site "Hull"]
[Date "2024.08.03"]
[Round "8.36"]
[White "Pick, Freddie"]
[Black "Roul, Tushar"]
[Result "1-0"]
[WhiteElo "1955"]
[BlackElo "1783"]
[PlyCount "77"]
[EventDate "2024.07.27"]
[EventType "swiss"]
[EventRounds "9"]
[EventCountry "GBR"]
[SourceTitle "BritBase"]
[Source "John Saunders"]
[SourceDate "2025.02.20"]
[SourceVersion "1"]
[SourceVersionDate "2025.02.20"]
[SourceQuality "1"]

1. c4 Nf6 2. Nc3 e5 3. Nf3 Nc6 4. e3 Bb4 5. d4 exd4 6. exd4 Bxc3+ 7. bxc3 d6 8. Bd3 O-O 9. h3 Re8+ 10. Be3 Ne7 11. Qc2 Ng6 12. O-O c6 13. Rab1 Qc7 14. Rfe1 c5 15. Bg5 Bd7 16. Bxf6 gxf6 17. Nd2 Rxe1+ 18. Rxe1 Re8 19. Rxe8+ Bxe8 20. Ne4 Kg7 21. Qe2 Qe7 22. Ng3 Bd7 23. Qxe7 Nxe7 24. Nh5+ Kh6 25. Nxf6 Bf5 26. Bxf5 Nxf5 27. g4 Nh4 28. Ne4 cxd4 29. cxd4 Nf3+ 30. Kg2 Nxd4 31. Nxd6 b6 32. Nxf7+ Kg6 33. Nd6 Nc6 34. Kg3 Kf6 35. f4 Ke6 36. Nb5 Na5 37. Nxa7 Nxc4 38. Kh4 Kf6 39. Nc8 1-0

[Event "GBR-ch110 Major Open"]
[Site "Hull"]
[Date "2024.08.03"]
[Round "8.37"]
[White "Ashworth, Robert M"]
[Black "Parikh, Naavya"]
[Result "1-0"]
[WhiteElo "1845"]
[BlackElo "1711"]
[PlyCount "133"]
[EventDate "2024.07.27"]
[EventType "swiss"]
[EventRounds "9"]
[EventCountry "GBR"]
[SourceTitle "BritBase"]
[Source "John Saunders"]
[SourceDate "2025.02.20"]
[SourceVersion "1"]
[SourceVersionDate "2025.02.20"]
[SourceQuality "1"]

1. e4 e5 2. Nf3 Nc6 3. Bc4 Bc5 4. c3 d6 5. d4 exd4 6. cxd4 Bb4+ 7. Nbd2 Nge7 8. d5 Bxd2+ 9. Bxd2 Ne5 10. Nxe5 dxe5 11. Bb4 Ng6 12. Qh5 Qh4 13. Bb5+ Kd8 14. Qxh4+ Nxh4 15. O-O Bd7 16. Bxd7 Kxd7 17. f4 Ng6 18. fxe5 Nxe5 19. Bc3 Rae8 20. Bxe5 Rxe5 21. Rxf7+ Re7 22. Rxe7+ Kxe7 23. Rc1 Rc8 24. Kf2 Kd6 25. Ke3 c6 26. Kd4 Re8 27. dxc6 bxc6 28. e5+ Kd7 29. Rf1 Ke6 30. Rc1 Rd8+ 31. Ke4 Rc8 32. Rc3 Rc7 33. b4 a6 34. Rd3 Ke7 35. Rd6 g6 36. Kd4 Rb7 37. a3 Rb6 38. Rf6 a5 39. bxa5 Ra6 40. Rd6 Rxa5 41. Rxc6 Rxa3 42. g4 Kd7 43. Rc3 Ra4+ 44. Rc4 Ra3 45. Kd5 Rh3 46. e6+ Ke7 47. Rc7+ Ke8 48. Kd6 Rd3+ 49. Ke5 Re3+ 50. Kf6 Rf3+ 51. Kg7 Rh3 52. Rc8+ Ke7 53. Rh8 h5 54. g5 Rxh2 55. Kxg6 Kxe6 56. Rxh5 Rg2 57. Kg7 Rf2 58. Rh6+ Ke7 59. Rf6 Rg2 60. g6 Rg3 61. Rf4 Ke6 62. Rf6+ Ke7 63. Rf2 Ke6 64. Re2+ Kf5 65. Kf7 Kg5 66. g7 Rf3+ 67. Ke8 1-0

[Event "GBR-ch110 Major Open"]
[Site "Hull"]
[Date "2024.08.03"]
[Round "8.38"]
[White "Neenan, Henry"]
[Black "Vaidyanathan, Sathya"]
[Result "1-0"]
[WhiteElo "1793"]
[BlackElo "1844"]
[PlyCount "121"]
[EventDate "2024.07.27"]
[EventType "swiss"]
[EventRounds "9"]
[EventCountry "GBR"]
[SourceTitle "BritBase"]
[Source "John Saunders"]
[SourceDate "2025.02.20"]
[SourceVersion "1"]
[SourceVersionDate "2025.02.20"]
[SourceQuality "1"]

1. e4 e5 2. Nc3 Nc6 3. Bc4 Nf6 4. d3 Bc5 5. f4 d6 6. Nf3 O-O 7. Qe2 exf4 8. Bxf4 Be6 9. Bxe6 fxe6 10. Be3 Bxe3 11. Qxe3 Ng4 12. Qe2 Nge5 13. O-O Nxf3+ 14. Rxf3 Nd4 15. Rf4 Rf6 16. Rxf6 Qf8 17. Qd2 Qxf6 18. Rf1 Qg6 19. Qf2 Nc6 20. Nb5 h6 21. Nxc7 Rc8 22. Nb5 e5 23. Nc3 Qe6 24. Nd5 Ne7 25. Nxe7+ Qxe7 26. c3 b6 27. h3 Qe6 28. a3 Rd8 29. Qh4 Re8 30. Qh5 Rd8 31. c4 Re8 32. Rf3 Re7 33. Kh2 Re8 34. Rf2 Re7 35. Qf3 Re8 36. Rf1 Qd7 37. Qg3 Qe6 38. Rf3 Re7 39. Rf2 Re8 40. Qf3 Qg6 41. Qf5 Qxf5 42. Rxf5 Re6 43. Kg1 g6 44. Rf3 Kg7 45. Kf2 Re7 46. Ke3 Rb7 47. Kd2 b5 48. Kc3 Rb8 49. g4 g5 50. b4 a6 51. Rf5 Rc8 52. Kb3 Rc6 53. Rf1 Rb6 54. a4 bxa4+ 55. Kxa4 Rc6 56. Ka5 Kg6 57. Rf8 Kg7 58. Ra8 Rc7 59. Rxa6 Rd7 60. b5 Kf6 61. b6 1-0

[Event "GBR-ch110 Major Open"]
[Site "Hull"]
[Date "2024.08.03"]
[Round "8.39"]
[White "May, Paul"]
[Black "Li, Reya"]
[Result "1-0"]
[WhiteElo "1827"]
[BlackElo "1766"]
[PlyCount "55"]
[EventDate "2024.07.27"]
[EventType "swiss"]
[EventRounds "9"]
[EventCountry "GBR"]
[SourceTitle "BritBase"]
[Source "John Saunders"]
[SourceDate "2025.02.20"]
[SourceVersion "1"]
[SourceVersionDate "2025.02.20"]
[SourceQuality "1"]

1. d4 Nf6 2. c4 e6 3. Nc3 d5 4. Bg5 Nbd7 5. c5 c6 6. e3 e5 7. Nf3 e4 8. Nd2 h6 9. Bh4 b6 10. b4 a5 11. b5 g5 12. Bg3 Bb7 13. cxb6 Nxb6 14. Na4 Nxa4 15. Qxa4 Qb6 16. Be5 Ke7 17. Be2 h5 18. h3 Ke6 19. O-O Bd6 20. Nb3 Rh7 21. Bxd6 Kxd6 22. Qa3+ Ke6 23. Nc5+ Kf5 24. Rab1 Qc7 25. Nxb7 Qxb7 26. Qd6 Rc8 27. f4 Kg6 28. fxg5 1-0

[Event "GBR-ch110 Major Open"]
[Site "Hull"]
[Date "2024.08.03"]
[Round "8.40"]
[White "Whittington, Reece W"]
[Black "Cowan, Xavier"]
[Result "0-1"]
[WhiteElo "1793"]
[BlackElo "1824"]
[PlyCount "78"]
[EventDate "2024.07.27"]
[EventType "swiss"]
[EventRounds "9"]
[EventCountry "GBR"]
[SourceTitle "BritBase"]
[Source "John Saunders"]
[SourceDate "2025.02.20"]
[SourceVersion "1"]
[SourceVersionDate "2025.02.20"]
[SourceQuality "1"]

1. d4 Nf6 2. c4 c5 3. d5 b5 4. cxb5 a6 5. bxa6 d6 6. Nc3 Bxa6 7. e4 Bxf1 8. Kxf1 g6 9. Nf3 Bg7 10. g3 O-O 11. Kg2 Nbd7 12. a4 Qb6 13. Qe2 Rfb8 14. Nd2 Qb4 15. Ra3 Ne8 16. Rb3 Qa5 17. Nc4 Qa6 18. Rxb8 Rxb8 19. Bd2 Rb4 20. Ne3 Qxe2 21. Nxe2 Rxb2 22. Nc4 Ra2 23. Rb1 Rxa4 24. Rb7 Rxc4 25. Rxd7 Rc2 26. Bg5 Rxe2 27. Kf3 Ra2 28. Bxe7 Bd4 29. Rd8 Rxf2+ 30. Kg4 f5+ 31. exf5 gxf5+ 32. Kh3 Kf7 33. Bxd6 Nxd6 34. Rxd6 Re2 35. Rc6 Re7 36. Kh4 Rd7 37. d6 Ke6 38. Rc7 Rxc7 39. dxc7 Kd7 0-1

[Event "GBR-ch110 Major Open"]
[Site "Hull"]
[Date "2024.08.03"]
[Round "8.41"]
[White "Mize, Dylan"]
[Black "Mittal, Advik"]
[Result "1-0"]
[WhiteElo "1824"]
[BlackElo "1619"]
[PlyCount "147"]
[EventDate "2024.07.27"]
[EventType "swiss"]
[EventRounds "9"]
[EventCountry "GBR"]
[SourceTitle "BritBase"]
[Source "John Saunders"]
[SourceDate "2025.02.20"]
[SourceVersion "1"]
[SourceVersionDate "2025.02.20"]
[SourceQuality "1"]

1. d4 Nf6 2. Bg5 e6 3. Nd2 d5 4. e3 Be7 5. Bd3 Nbd7 6. f4 c5 7. c3 a6 8. Ngf3 h6 9. Bh4 c4 10. Bc2 b5 11. Bxf6 Nxf6 12. Ne5 Qb6 13. O-O Bd7 14. Qf3 g6 15. Qg3 Rg8 16. Qf3 a5 17. Rae1 b4 18. Ndxc4 Qa6 19. Nxd7 Nxd7 20. Ne5 Nxe5 21. fxe5 Rg7 22. Ba4+ Kf8 23. Bc2 Kg8 24. cxb4 Bxb4 25. Rc1 Rc8 26. Bb1 Kh7 27. h4 Qb7 28. h5 Be7 29. b3 Bg5 30. Qe2 Rxc1 31. Rxc1 Rg8 32. Qd3 Kh8 33. Rf1 Rg7 34. hxg6 fxg6 35. Rf8+ Kh7 36. Qc3 Qb4 37. Rc8 Qxc3 38. Rxc3 Rb7 39. Kf2 Kg7 40. Bc2 Be7 41. Rc6 Kf7 42. Rc8 Bh4+ 43. Ke2 Be7 44. Bd3 Bb4 45. Rc6 Ra7 46. Ba6 h5 47. Bc8 Re7 48. Kf3 Be1 49. Kf4 Bd2 50. Rc2 g5+ 51. Kf3 Be1 52. Rc1 Bd2 53. Rc2 Be1 54. Rc6 Bb4 55. e4 Ba3 56. exd5 exd5 57. Rf6+ Kg7 58. Be6 g4+ 59. Ke2 Rc7 60. Kd3 Bb2 61. Bxd5 Rc3+ 62. Kd2 h4 63. Rf7+ Kg6 64. e6 Rc8 65. Be4+ Kg5 66. e7 Ba3 67. Rf5+ Kh6 68. Ke3 Bb4 69. Kf4 g3 70. Rf7 Rh8 71. e8=Q Bd6+ 72. Kg4 Be5 73. Qe6+ Bf6 74. Qxf6# 1-0